000 00254nam a2200097Ia 4500
008 200608s9999 xx 000 0 und d
082 _a338.72
_bMIS.P
100 _aMISHRA R K
245 0 _aPRIVATIZATION: Models and experiences / MISHRA R K
942 _cBK
_2DDC
999 _c6180
_d6180